[Event "AUT-ch U10"]
[Site "St Veit"]
[Date "2016.05.29"]
[Round "7.8"]
[White "Ferner, Tobias"]
[Black "Stadlinger, Lukas"]
[Result "0-1"]
[WhiteElo "1033"]
[BlackElo "1155"]
[PlyCount "42"]
[EventDate "2016.05.27"]
[EventType "swiss"]
[EventRounds "7"]
[EventCountry "AUT"]
[SourceTitle "EXT 2024"]
[Source "ChessBase"]
[SourceDate "2023.10.10"]
[SourceVersion "1"]
[SourceVersionDate "2023.10.10"]
[SourceQuality "1"]

1. d4 d5 2. Nc3 Nf6 3. Nf3 c5 4. Bg5 Nc6 5. e3 Bg4 6. h3 Bxf3 7. Qxf3 cxd4 8. exd4 Nxd4 9. Qd3 Nc6 10. 0-0-0 e6 11. Be2 Bc5 12. Rhf1 h6 13. Bh4 Qe7 14. Bf3 Ne5 15. Qd2 Nc4 16. Qf4 g5 17. Bxg5 hxg5 18. Qxg5 0-0-0 19. b3 Be3+ 20. fxe3 Qa3+ 21. Kb1 Qb2# 0-1